000 00519nam a2200169 4500
001 110098
003 ES-MaACL
005 20230906184956.0
007 t|
008 061121s1970 sp r ||||1| spa d
100 1 _aOraison, Marc.
_987144
245 1 0 _aPsicología y sentido del pecado /
_cMarc Oraison ; [ traducción de Enrique Molina Campos].
260 _aMadrid [etc.] :
_bBiblograf,
_c1970.
300 _a109 p. ;
_c18 cm.
700 1 _aMolina Campos, Enrique.
_981917
852 _aES-MaACL
_jC-44942
_bR.73994
999 _c110098
_d110098